000 00773nas a2200241 4500
001 BR2015006859
003 BR-BrBNA
005 20231205125946.0
007 ta
008 230509b bl.|||p| |||| 00| 00por d
040 _aBR-BrBNA
_bpor
_cBiblioteca Nacional de Agricultura
041 _a(En)
072 _aL01
100 1 _aSabuncu, M.
100 1 _aAkdogan, M.
245 1 _aPhotonic imaging with optical coherence tomography for quality monitoring in the poultry industry: a preliminary study
650 _aOVO
650 _aQUALIDADE
650 _aFOTOGRAFIA
773 0 _tBrazilian Journal of Poultry Science (Brazil)
_xISSN 1516-635X
_g(Jul-Sep 2015), v. 17(3) p. 319-324
_wBR2015006859
909 _a202311
_bLúcia
_c55
_dLúcia Elande
942 _2AGRIS
_n0
_cANA
999 _c247121
_d247121